Detalles MARC
| 000 -LEADER |
| campo de control de longitud fija |
02463cam a22003374i 4500 |
| 003 - IDENTIFICADOR DE NÚMERO DE CONTROL |
| campo de control |
PE-LiUPU |
| 005 - FECHA Y HORA DE LA ÚLTIMA TRANSACCIÓN |
| campo de control |
20251126155418.0 |
| 008 - DATOS DE LONGITUD FIJA--INFORMACIÓN GENERAL |
| campo de control de longitud fija |
2021xxxxes pe a rb 000 0 spa d |
| 020 ## - NÚMERO INTERNACIONAL ESTÁNDAR DEL LIBRO |
| Número Internacional Estándar del Libro |
9788412309362 |
| 035 ## - NÚMERO DE CONTROL DEL SISTEMA |
| Número de control de sistema |
PE-LiUPU000021 |
| 040 ## - FUENTE DE CATALOGACIÓN |
| Centro catalogador/agencia de origen |
PE-LiUPU |
| Lengua de catalogación |
spa |
| Centro/agencia transcriptor |
PE-LiUPU |
| Normas de descripción |
rda |
| 082 04 - NÚMERO DE LA CLASIFICACIÓN DECIMAL DEWEY |
| Número de clasificación |
664 |
| Cutter |
M183m |
| Número de edición |
23 |
| 100 ## - ENTRADA PRINCIPAL--NOMBRE DE PERSONA |
| Nombre de persona |
Madrid Vicente, Antonio, |
| Término indicativo de función/relación |
autor. |
| 9 (RLIN) |
6898 |
| 245 10 - MENCIÓN DEL TÍTULO |
| Título |
Manual técnico de las industrias alimentarias / |
| Mención de responsabilidad, etc. |
por Antonio Madrid. |
| 264 #1 - PRODUCCIÓN, PUBLICACIÓN, DISTRIBUCIÓN, FABRICACIÓN Y COPYRIGHT |
| Producción, publicación, distribución, fabricación y copyright |
Madrid : |
| Nombre del de productor, editor, distribuidor, fabricante |
AMV Ediciones, |
| Fecha de producción, publicación, distribución, fabricación o copyright |
2021. |
| 300 ## - DESCRIPCIÓN FÍSICA |
| Extensión |
2 tomos : |
| Otras características físicas |
ilustraciones, gráficos ; |
| Dimensiones |
25 cm |
| 336 ## - TIPO DE CONTENIDO |
| Término de tipo de contenido |
text |
| Fuente |
rdacontent |
| 337 ## - TIPO DE MEDIO |
| Nombre/término del tipo de medio |
unmediated |
| Fuente |
rdamedia |
| 338 ## - TIPO DE SOPORTE |
| Nombre/término del tipo de soporte |
volume |
| Fuente |
rdacarrier |
| 504 ## - NOTA DE BIBLIOGRAFÍA, ETC. |
| Nota de bibliografía, etc. |
Incluye índice temático y notas explicativas. |
| 505 0# - NOTA DE CONTENIDO CON FORMATO |
| Título |
Tomo 1: |
| Nota de contenido con formato |
La leche y los productos lácteos -- Los productos lácteos -- El yogur y el kéfir -- El queso -- Los helados -- El agua -- Carnes y embutidos -- El pescado y sus productos derivados -- Huevos y ovoproductos -- La patata y sus productos derivados -- Alimentos infantiles y preparados -- Azúcares -- Mermeladas y jaleas -- La miel -- Conservas vegetales -- Bebidas refrescantes y energéticas -- Productos de panadería -- Zumos, néctares y salsa Ketchup. |
| 505 0# - NOTA DE CONTENIDO CON FORMATO |
| Título |
Tomo 2: |
| Nota de contenido con formato |
Productos de bollería, pastelería, caramelos y chicles -- Aceites y grasas -- Café, cacao y chocolate -- Té y bebidas alcohólicas -- Cereales y harinas -- Cerveza -- Frutos secos -- Condimentos y especias -- Vid y vino -- Equipamiento industrial -- Higiene y desinfección -- Tratamiento de aguas residuales -- Instalaciones frigoríficas -- Anexo de bibliografía alimentaria. |
| 520 ## - RESUMEN, ETC. |
| Sumario, etc. |
Este manual describe procesos, equipos, tecnologías y productos de las industrias alimentarias, con un enfoque técnico-práctico útil para profesionales, técnicos y estudiantes en el área agroalimentaria. El volumen cubre desde lácteos, carnes, pescados y panadería hasta bebidas, conservas, y azúcares, incluyendo aspectos de higiene, seguridad y normativas internacionales. |
| 650 14 - PUNTO DE ACCESO ADICIONAL DE MATERIA--TÉRMINO DE MATERIA |
| Término de materia o nombre geográfico como elemento de entrada |
Industrias alimentarias |
| Subdivisión general |
Procesos técnicos. |
| 9 (RLIN) |
6932 |
| 650 24 - PUNTO DE ACCESO ADICIONAL DE MATERIA--TÉRMINO DE MATERIA |
| Término de materia o nombre geográfico como elemento de entrada |
Tecnología de los alimentos |
| Subdivisión general |
Manuales. |
| 9 (RLIN) |
6933 |
| 650 #0 - PUNTO DE ACCESO ADICIONAL DE MATERIA--TÉRMINO DE MATERIA |
| Término de materia o nombre geográfico como elemento de entrada |
Conservación de alimentos |
| Subdivisión general |
Aspectos técnicos. |
| 9 (RLIN) |
6934 |
| 710 ## - ENTRADA AGREGADA--NOMBRE DE ENTIDAD CORPORATIVA |
| Nombre de entidad corporativa o nombre de jurisdicción como elemento de entrada |
AMV Ediciones (Madrid, España), |
| Término indicativo de función/relación |
editor. |
| 9 (RLIN) |
6925 |
| 856 40 - LOCALIZACIÓN Y ACCESO ELECTRÓNICOS |
| Identificador Uniforme de Recursos |
<a href="https://www.amvediciones.com">https://www.amvediciones.com</a> |
| Nota pública |
Sitio web del editor. |
| 942 ## - ELEMENTOS DE ENTRADA SECUNDARIOS (KOHA) |
| Fuente del sistema de clasificación o colocación |
Clasificación Decimal Dewey |
| Tipo de ítem Koha |
Libros físicos |
| 980 ## - EQUIVALENCIA O REFERENCIA-CRUZADA-MENCIÓN DE SERIE--NOMBRE DE PERSONA/TÍTULO [LOCAL, CANADÁ] |
| ID del usuario creador del registro |
21515 |
| Nombre del creador del registro |
ROMINA COBOS Adquisiciones |
| ID del último usuario que modificó el registro |
18226 |
| Nombre del último usuario que modificó el registro |
Jaime Vilcazán Jefe de Análisis Documental |